000 01588cam a22004577a 4500
001 000065597
003 CHAP
005 20220329141205.0
008 971010s1978 r 00010 d
010 _a64104
011 _a65076
035 _a71237
040 _cCHAP
090 _aT124
090 _atesis
100 0 0 _aTovar González, Pablo.
_9114397
245 0 _aEfecto de diferentes niveles de Malation en dietas para pollos.
260 _aChapingo, Méx. :
_bEl autor,
_c1978.
300 _a28 h.
502 _aTesis (Ing. Agrónomo Esp. en Zootecnia) -- ENA. Departamento de Zootecnia
590 _aALEPH
_b10
_c20130110
_lUCH01
_h1349
590 _aBATCH-UPD
_b10
_c20130109
_lUCH01
_h2320
590 _aBATCH-UPD
_b10
_c20130110
_lUCH01
_h0506
590 _aBATCH-UPD
_b10
_c20130410
_lUCH01
_h0143
590 _aBATCH-UPD
_b10
_c20130914
_lUCH01
_h0448
590 _aCONVERSION
_b10
_c20130109
_lUCH01
_h1335
590 _aE11695DGD
_b10
_c20130924
_lUCH01
_h1037
650 1 4 _aAves de corral
_xAlimentación.
_98638
650 1 4 _aInsecticidas
_xEfecto en vertebrados.
_958873
650 1 4 _aInsecticidas
_xToxicidad.
_958882
710 0 _aENA. Departamento de Zootecnia.
_936706
901 _aBK
942 _cFOLL
942 _n0
949 _aT124
_bZ
_cTESBD
_d-3841
_eTS1
_h697
_i71237
_si
949 _aT124
_bZ
_cTESBD
_d-84121
_eTS2
_fc.2
_h698
_i71237
_si
949 _aT124
_bZ
_cTESBD
_d-84124
_eTS2
_fc.3
_h699
_i71237
_si
949 _bBC
_cTES
_d-152853
_eTS1
_i71237
_si
949 _bBC
_cTES
_d-152854
_eTS2
_fc.2
_i71237
_si
949 _bBC
_cTES
_d-152855
_eTS2
_fc.3
_h22065
_i71237
_si
999 _c64104
_d64104